| 000 | 01046nam a2200313 4500 | ||
|---|---|---|---|
| 001 | 0000024050 | ||
| 003 | CO-CtgCURN | ||
| 005 | 20250331184357.0 | ||
| 007 | ta | ||
| 008 | 160627s2007 000 0 eng d | ||
| 020 | _a9789583506284 | ||
| 040 |
_aCO-CtgCURN _bspa _ccoctgcurn |
||
| 082 | 0 |
_a320.1 _bB191 |
|
| 100 | 1 | _aBallen Molina, Rafael Antonio. | |
| 245 | 1 | 0 |
_aIlegitimidad del Estado : _breforma radical o revolucion de la diversidad / _cRafael Ballen. |
| 250 | _a2a ed. | ||
| 260 |
_aBogotá : _bTemis, _c2007. |
||
| 300 | _axviii, 542 p. | ||
| 336 | _2rdacontent | ||
| 337 |
_2rdamedia _asin mediacion _bn |
||
| 338 |
_2rdacarrier _avolumen _bnc |
||
| 500 | _aIncluye indices. | ||
| 504 | _aIncluye bibliografia p. (525-535) | ||
| 505 | 8 | _aLa desigualdad del hombre -- Origen y trayectoria del Estado -- Ilegitimidad del Estado -- Hacia un nuevo Estado | |
| 650 | 1 | 4 |
_aEstado _zColombia. |
| 908 | _a160627 | ||
| 942 |
_cBK _h320.1 _iB191 _2ddc |
||
| 999 |
_c17848 _d17848 |
||